000 01062cad a22002535a 4500
001 E151612
008 101122s2010 xxk f 100 0 eng d
020 _a9781842196199
035 _a(Sirsi) u151612
041 0 _aeng
100 1 _aHayles, Carolyn
_cDr
111 2 _aConstruction and Building Research Conference
_cDauphine Universite, Paris
_d2-3 September 2010
245 0 2 _aA study of potential approaches to supporting behaviour changes required to meet the challenges of climate change and housing
_h[electronic resource]
260 _aLondon
_bRICS
_c2010
520 _aA paper presented at the COBRA Conference in Paris on 2-3 September 2010.
590 _aKA
650 2 4 _aCONSTRUCTION AND BUILDING RESEARCH CONFERENCE (COBRA)
651 4 _aInternational
690 _aPROPERTY-RESIDENTIAL PROPERTY-DOMESTIC RESIDENTIAL PROPERTY-HOUSING
700 1 _aDean, Moira
_cDr
700 1 _aChinowsky, Paul
_cDr
856 4 0 _uhttps://www.rics.org/site/scripts/download_info.aspx?fileID=7816&categoryID=720
_zBroken link - not available
942 _n0
999 _c111482
_d111482